01806nam a2200217Ia 4500001000400000008004100004010000800045041001400053082002000067245026200087260001800349300000700367520000700374630001600381630001300397630003300410650001500443700002800458700004900486520105300535981241029s9999 xx 000 0 und d a901 aEspañol aTPG MCE 44 2006 0aEstrategia didáctica para el desarrollo de la habilidad redactar informes científicos: su contextualización en la asignatura Metodología de Investigación Científica de la carrera de Administración Turística y Hotelera en la Universidad APEC. aSanto Domingo a62 a18 aCurrículo aDiseño aMetodología de Enseñanza aCurriculum easesoraMachado, Evelio eautoraPolanco Casilla, Elisandro Florentino aEl principal objetivo de esta investigación consistió en la propuesta de una metodología de diseño curricular de Postgrado en Gerencia de Comunicación Centrada en la Comunicación Comercial, dirigida a profesionales de diversas carreras que desarrollan su actividad en esta área.  La investigación tuvo un enfoque histórico cultural, con el empleo de los métodos histórico-lógico, análisis síntesis, deducción-inducción. Las técnicas aplicadas fueron: análisis documental, encuestas, y cuestionarios como instrumento de recolección de datos. Se logró plantear la propuesta de una metodología de diseño curricular de Postgrado en Gerencia de Comunicación Centrada en la Comunicación Comercial, dirigida a profesionales de diversas carreras que desarrollan su actividad en esta área. La autora recomienda, que el tema de la comunicación comercial ha tenido y tiene una trascendencia tal que merece ser estudiado a más profundidad, con la posibilidad de realizar un programa de estudios de grado.